[Event "45th FIDE Chess Olympiad Open"]
[Site "Budapest, Hungary"]
[Date "2024.09.20"]
[Round "9"]
[White "Yilmaz, Mustafa"]
[Black "Shirov, Alexei"]
[Result "1/2-1/2"]
[Board "25"]
[WhiteFideId "6302718"]
[BlackFideId "2209390"]
[WhiteTitle "GM"]
[BlackTitle "GM"]
[WhiteElo "2587"]
[BlackElo "2666"]
[WhiteTeam "Turkiye"]
[BlackTeam "Spain"]
[WhiteClock "0:03:37"]
[BlackClock "0:08:33"]
[Variant "Standard"]

1. Nf3 {[%clk 1:30:54]}  d5 {[%clk 1:30:54]} 2. d4 {[%clk 1:31:20]}  Nf6 {[%clk 1:31:19]} 3. c4 {[%clk 1:31:46]}  e6 {[%clk 1:31:43]} 4. Nc3 {[%clk 1:32:01]}  c5 {[%clk 1:32:08]} 5. cxd5 {[%clk 1:31:22]}  cxd4 {[%clk 1:32:32]} 6. Qxd4 {[%clk 1:31:15]}  exd5 {[%clk 1:32:56]} 7. Bg5 {[%clk 1:30:56]}  Be7 {[%clk 1:31:50]} 8. e3 {[%clk 1:31:14]}  O-O {[%clk 1:26:05]} 9. Be2 {[%clk 1:30:33]}  h6 {[%clk 1:25:15]} 10. Bh4 {[%clk 1:28:58]}  Nc6 {[%clk 1:25:41]} 11. Qd3 {[%clk 1:29:18]}  Qb6 {[%clk 1:24:24]} 12. O-O {[%clk 1:26:44]}  Rd8 {[%clk 1:21:34]} 13. Rfd1 {[%clk 1:22:00]}  Be6 {[%clk 1:07:39]} 14. Nb5 {[%clk 1:18:43]}  Rac8 {[%clk 1:06:47]} 15. Nbd4 {[%clk 1:16:59]}  Nxd4 {[%clk 0:57:09]} 16. Nxd4 {[%clk 1:14:21]}  Bd7 {[%clk 0:55:07]} 17. Bf3 {[%clk 0:52:54]}  g5 {[%clk 0:45:35]} 18. Bg3 {[%clk 0:53:11]}  g4 {[%clk 0:45:57]} 19. Be2 {[%clk 0:52:46]}  Ne4 {[%clk 0:46:23]} 20. Qb3 {[%clk 0:29:47]}  Qxb3 {[%clk 0:40:12]} 21. axb3 {[%clk 0:28:56]}  Nxg3 {[%clk 0:40:32]} 22. hxg3 {[%clk 0:29:17]}  a6 {[%clk 0:39:23]} 23. Bd3 {[%clk 0:28:01]}  Bf6 {[%clk 0:39:22]} 24. Ra5 {[%clk 0:24:01]}  Bxd4 {[%clk 0:31:35]} 25. exd4 {[%clk 0:24:14]}  Be6 {[%clk 0:31:57]} 26. b4 {[%clk 0:10:33]}  Rc6 {[%clk 0:30:58]} 27. b5 {[%clk 0:09:13]}  axb5 {[%clk 0:23:48]} 28. Rxb5 {[%clk 0:09:34]}  b6 {[%clk 0:24:08]} 29. f3 {[%clk 0:06:55]}  Ra8 {[%clk 0:21:30]} 30. Rb4 {[%clk 0:04:02]}  Kg7 {[%clk 0:17:17]} 31. Kf2 {[%clk 0:04:18]}  h5 {[%clk 0:10:17]} 32. Ke3 {[%clk 0:03:20]}  Bd7 {[%clk 0:10:04]} 33. Rh1 {[%clk 0:02:49]}  Kh6 {[%clk 0:09:53]} 34. Kd2 {[%clk 0:02:20]}  Rf6 {[%clk 0:03:01]} 35. f4 {[%clk 0:02:38]}  Re8 {[%clk 0:01:50]} 36. Rb3 {[%clk 0:01:18]}  Ra8 {[%clk 0:01:08]} 37. Rc3 {[%clk 0:01:11]}  Ra2 {[%clk 0:00:46]} 38. Rc7 {[%clk 0:00:43]}  Rxb2+ {[%clk 0:00:38]} 39. Kc3 {[%clk 0:00:41]}  Rxg2 {[%clk 0:01:02]} 40. Rxd7 {[%clk 0:00:50]}  Rc6+ {[%clk 0:01:06]} 41. Kb4 {[%clk 0:24:07]}  Rxg3 {[%clk 0:28:21]} 42. Bf5 {[%clk 0:21:11]}  Rc4+ {[%clk 0:20:34]} 43. Kb5 {[%clk 0:21:40]}  Rxd4 {[%clk 0:20:50]} 44. Rd6+ {[%clk 0:13:54]}  Kg7 {[%clk 0:20:16]} 45. Rxh5 {[%clk 0:14:20]}  Rh3 {[%clk 0:20:24]} 46. Rg5+ {[%clk 0:14:43]}  Kf8 {[%clk 0:20:44]} 47. Bxg4 {[%clk 0:03:48]}  Rb3+ {[%clk 0:21:09]} 48. Kc6 {[%clk 0:04:14]}  Rxf4 {[%clk 0:21:29]} 49. Kd7 {[%clk 0:02:20]}  f6 {[%clk 0:19:14]} 50. Rg6 {[%clk 0:01:37]}  Rg3 {[%clk 0:19:03]} 51. Rdxf6+ {[%clk 0:00:39]}  Rxf6 {[%clk 0:19:27]} 52. Rxf6+ {[%clk 0:01:07]}  Kg7 {[%clk 0:19:50]} 53. Rf4 {[%clk 0:01:32]}  Kh6 {[%clk 0:18:44]} 54. Be6 {[%clk 0:01:32]}  Kg5 {[%clk 0:16:38]} 55. Rf5+ {[%clk 0:01:33]}  Kh4 {[%clk 0:16:31]} 56. Rf4+ {[%clk 0:01:33]}  Kg5 {[%clk 0:16:52]} 57. Rd4 {[%clk 0:01:27]}  Re3 {[%clk 0:16:46]} 58. Kd6 {[%clk 0:00:50]}  Re4 {[%clk 0:17:07]} 59. Rxd5+ {[%clk 0:00:52]}  Kf4 {[%clk 0:17:31]} 60. Rb5 {[%clk 0:01:10]}  Ke3 {[%clk 0:17:15]} 61. Rxb6 {[%clk 0:00:48]}  Kd4 {[%clk 0:17:32]} 62. Bf5 {[%clk 0:00:47]}  Rf4 {[%clk 0:17:49]} 63. Rb5 {[%clk 0:00:39]}  Kc4 {[%clk 0:18:03]} 64. Ra5 {[%clk 0:00:37]}  Kd4 {[%clk 0:18:20]} 65. Ke6 {[%clk 0:00:41]}  Rf3 {[%clk 0:17:33]} 66. Ra4+ {[%clk 0:01:05]}  Kc5 {[%clk 0:17:46]} 67. Ke5 {[%clk 0:01:12]}  Re3 {[%clk 0:17:46]} 68. Be4 {[%clk 0:01:37]}  Rh3 {[%clk 0:17:16]} 69. Ra8 {[%clk 0:01:01]}  Rc3 {[%clk 0:17:34]} 70. Rd8 {[%clk 0:01:00]}  Rc4 {[%clk 0:17:18]} 71. Bd3 {[%clk 0:01:24]}  Rc3 {[%clk 0:17:27]} 72. Ke4 {[%clk 0:00:42]}  Ra3 {[%clk 0:17:33]} 73. Rc8+ {[%clk 0:00:33]}  Kd6 {[%clk 0:16:24]} 74. Kd4 {[%clk 0:00:44]}  Ra4+ {[%clk 0:16:34]} 75. Bc4 {[%clk 0:01:06]}  Ra7 {[%clk 0:16:28]} 76. Rh8 {[%clk 0:01:10]}  Rg7 {[%clk 0:16:10]} 77. Rh6+ {[%clk 0:01:23]}  Ke7 {[%clk 0:16:35]} 78. Be6 {[%clk 0:01:19]}  Kd6 {[%clk 0:15:48]} 79. Bf5+ {[%clk 0:01:19]}  Ke7 {[%clk 0:15:03]} 80. Ke5 {[%clk 0:01:40]}  Rf7 {[%clk 0:15:22]} 81. Ra6 {[%clk 0:00:46]}  Rg7 {[%clk 0:15:12]} 82. Bg6 {[%clk 0:00:37]}  Kd8 {[%clk 0:13:04]} 83. Ra8+ {[%clk 0:00:40]}  Ke7 {[%clk 0:13:29]} 84. Bf5 {[%clk 0:00:50]}  Rf7 {[%clk 0:12:42]} 85. Rg8 {[%clk 0:00:35]}  Rf8 {[%clk 0:11:41]} 86. Rg7+ {[%clk 0:00:41]}  Rf7 {[%clk 0:12:07]} 87. Rg3 {[%clk 0:00:43]}  Rf6 {[%clk 0:11:47]} 88. Rh3 {[%clk 0:00:39]}  Rf7 {[%clk 0:11:53]} 89. Rh6 {[%clk 0:00:38]}  Rg7 {[%clk 0:11:39]} 90. Rd6 {[%clk 0:00:36]}  Rf7 {[%clk 0:11:17]} 91. Rg6 {[%clk 0:00:40]}  Kf8 {[%clk 0:11:27]} 92. Be6 {[%clk 0:00:55]}  Rg7 {[%clk 0:11:44]} 93. Rh6 {[%clk 0:01:04]}  Ke7 {[%clk 0:12:06]} 94. Rh5 {[%clk 0:01:15]}  Kd8 {[%clk 0:06:36]} 95. Kf6 {[%clk 0:01:11]}  Ra7 {[%clk 0:06:24]} 96. Rc5 {[%clk 0:01:24]}  Ra8 {[%clk 0:06:40]} 97. Rc6 {[%clk 0:00:44]}  Rb8 {[%clk 0:06:59]} 98. Ke5 {[%clk 0:00:34]}  Rb7 {[%clk 0:06:57]} 99. Kf6 {[%clk 0:00:42]}  Rb8 {[%clk 0:07:23]} 100. Bf5 {[%clk 0:00:38]}  Ra8 {[%clk 0:07:43]} 101. Kf7 {[%clk 0:00:35]}  Ra7+ {[%clk 0:07:49]} 102. Ke6 {[%clk 0:00:55]}  Re7+ {[%clk 0:07:20]} 103. Kf6 {[%clk 0:01:06]}  Rf7+ {[%clk 0:07:46]} 104. Ke5 {[%clk 0:01:22]}  Re7+ {[%clk 0:07:52]} 105. Be6 {[%clk 0:01:03]}  Rc7 {[%clk 0:08:16]} 106. Ra6 {[%clk 0:01:23]}  Ke7 {[%clk 0:08:28]} 107. Bd5 {[%clk 0:01:43]}  Rd7 {[%clk 0:07:43]} 108. Rh6 {[%clk 0:02:05]}  Kd8 {[%clk 0:07:36]} 109. Bc6 {[%clk 0:02:07]}  Re7+ {[%clk 0:07:53]} 110. Kd6 {[%clk 0:02:31]}  Rd7+ {[%clk 0:08:18]} 111. Kc5 {[%clk 0:02:53]}  Rg7 {[%clk 0:08:09]} 112. Kd6 {[%clk 0:03:11]}  Rd7+ {[%clk 0:08:33]} 113. Bxd7 {[%clk 0:03:37]} 1/2-1/2

[Event "45th FIDE Chess Olympiad Open"]
[Site "Budapest, Hungary"]
[Date "2024.09.20"]
[Round "9"]
[White "Anton Guijarro, David"]
[Black "Gurel, Ediz"]
[Result "1/2-1/2"]
[Board "26"]
[WhiteFideId "2285525"]
[BlackFideId "44507356"]
[WhiteTitle "GM"]
[BlackTitle "GM"]
[WhiteElo "2665"]
[BlackElo "2602"]
[WhiteTeam "Spain"]
[BlackTeam "Turkiye"]
[WhiteClock "0:03:49"]
[BlackClock "0:38:13"]
[Variant "Standard"]

1. e4 {[%clk 1:30:55]}  e5 {[%clk 1:30:41]} 2. Nf3 {[%clk 1:31:00]}  Nf6 {[%clk 1:30:58]} 3. Nxe5 {[%clk 1:30:53]}  d6 {[%clk 1:31:22]} 4. Nf3 {[%clk 1:31:15]}  Nxe4 {[%clk 1:31:44]} 5. d4 {[%clk 1:31:21]}  d5 {[%clk 1:32:06]} 6. Bd3 {[%clk 1:31:44]}  Bd6 {[%clk 1:32:24]} 7. O-O {[%clk 1:31:49]}  O-O {[%clk 1:32:48]} 8. Re1 {[%clk 1:31:50]}  Bf5 {[%clk 1:32:18]} 9. Nc3 {[%clk 1:31:56]}  Nxc3 {[%clk 1:31:08]} 10. bxc3 {[%clk 1:32:20]}  Bxd3 {[%clk 1:30:23]} 11. cxd3 {[%clk 1:32:41]}  c6 {[%clk 1:24:44]} 12. c4 {[%clk 1:32:23]}  dxc4 {[%clk 1:21:16]} 13. dxc4 {[%clk 1:32:46]}  Nd7 {[%clk 1:20:37]} 14. Bg5 {[%clk 1:32:13]}  Qc7 {[%clk 1:17:05]} 15. c5 {[%clk 1:23:12]}  Bf4 {[%clk 1:16:55]} 16. Be7 {[%clk 1:18:44]}  Rfe8 {[%clk 1:17:16]} 17. g3 {[%clk 1:18:43]}  Be5 {[%clk 1:16:39]} 18. Nxe5 {[%clk 0:40:04]}  Rxe7 {[%clk 1:16:59]} 19. Nc4 {[%clk 0:40:11]}  Rae8 {[%clk 1:10:11]} 20. Rxe7 {[%clk 0:39:15]}  Rxe7 {[%clk 1:10:35]} 21. Rb1 {[%clk 0:29:35]}  b6 {[%clk 0:54:34]} 22. cxb6 {[%clk 0:29:18]}  axb6 {[%clk 0:54:55]} 23. a4 {[%clk 0:21:07]}  h6 {[%clk 0:55:01]} 24. Qb3 {[%clk 0:19:16]}  Qd8 {[%clk 0:55:19]} 25. h4 {[%clk 0:16:30]}  Re4 {[%clk 0:50:25]} 26. Nxb6 {[%clk 0:10:45]}  Nxb6 {[%clk 0:50:11]} 27. Qxb6 {[%clk 0:11:11]}  Qxb6 {[%clk 0:48:12]} 28. Rxb6 {[%clk 0:11:36]}  Rxd4 {[%clk 0:48:40]} 29. a5 {[%clk 0:11:57]}  Ra4 {[%clk 0:48:46]} 30. a6 {[%clk 0:12:21]}  c5 {[%clk 0:49:12]} 31. Kf1 {[%clk 0:12:09]}  c4 {[%clk 0:44:54]} 32. h5 {[%clk 0:10:31]}  c3 {[%clk 0:42:54]} 33. Ke2 {[%clk 0:10:32]}  Ra2+ {[%clk 0:43:07]} 34. Kd3 {[%clk 0:10:17]}  c2 {[%clk 0:43:34]} 35. Kd2 {[%clk 0:10:42]}  f5 {[%clk 0:38:45]} 36. f3 {[%clk 0:07:52]}  Kh7 {[%clk 0:37:56]} 37. Kc1 {[%clk 0:05:47]}  Kg8 {[%clk 0:37:49]} 38. Kd2 {[%clk 0:05:21]}  Kh7 {[%clk 0:38:13]} 39. Kc1 {[%clk 0:03:49]} 1/2-1/2

[Event "45th FIDE Chess Olympiad Open"]
[Site "Budapest, Hungary"]
[Date "2024.09.20"]
[Round "9"]
[White "Erdogmus, Yagiz Kaan"]
[Black "Pichot, Alan"]
[Result "1/2-1/2"]
[Board "27"]
[WhiteFideId "44599790"]
[BlackFideId "110973"]
[WhiteTitle "GM"]
[BlackTitle "GM"]
[WhiteElo "2592"]
[BlackElo "2628"]
[WhiteTeam "Turkiye"]
[BlackTeam "Spain"]
[WhiteClock "0:29:43"]
[BlackClock "0:24:47"]
[Variant "Standard"]

1. d4 {[%clk 1:30:57]}  d5 {[%clk 1:30:39]} 2. c4 {[%clk 1:31:04]}  e6 {[%clk 1:30:49]} 3. Nc3 {[%clk 1:31:25]}  a6 {[%clk 1:31:06]} 4. cxd5 {[%clk 1:30:11]}  exd5 {[%clk 1:31:30]} 5. Qb3 {[%clk 1:29:42]}  Bd6 {[%clk 1:27:34]} 6. Qxd5 {[%clk 1:27:33]}  Nf6 {[%clk 1:27:57]} 7. Qb3 {[%clk 1:26:34]}  c5 {[%clk 1:28:04]} 8. Be3 {[%clk 1:25:48]}  cxd4 {[%clk 1:18:28]} 9. Bxd4 {[%clk 1:26:13]}  Nc6 {[%clk 1:18:50]} 10. Bb6 {[%clk 1:19:33]}  Qe7 {[%clk 1:19:02]} 11. e3 {[%clk 1:11:43]}  O-O {[%clk 0:48:46]} 12. Nf3 {[%clk 1:02:07]}  Be6 {[%clk 0:44:05]} 13. Bc4 {[%clk 0:52:50]}  Bxc4 {[%clk 0:43:17]} 14. Qxc4 {[%clk 0:51:51]}  Ne5 {[%clk 0:43:32]} 15. Qb3 {[%clk 0:30:17]}  Nxf3+ {[%clk 0:39:44]} 16. gxf3 {[%clk 0:30:42]}  Rac8 {[%clk 0:39:10]} 17. Bd4 {[%clk 0:26:17]}  Rfd8 {[%clk 0:24:20]} 18. O-O-O {[%clk 0:23:01]}  b5 {[%clk 0:16:09]} 19. Kb1 {[%clk 0:23:05]}  Be5 {[%clk 0:16:06]} 20. Ne2 {[%clk 0:22:44]}  Nd7 {[%clk 0:15:42]} 21. Rhg1 {[%clk 0:16:27]}  g6 {[%clk 0:15:21]} 22. f4 {[%clk 0:03:48]}  Bf6 {[%clk 0:11:56]} 23. Nc3 {[%clk 0:02:44]}  Nc5 {[%clk 0:06:48]} 24. Qc2 {[%clk 0:02:10]}  Bxd4 {[%clk 0:05:00]} 25. Rxd4 {[%clk 0:02:36]}  Qb7 {[%clk 0:02:24]} 26. Qd2 {[%clk 0:01:28]}  Ne6 {[%clk 0:02:34]} 27. Rxd8+ {[%clk 0:01:22]}  Rxd8 {[%clk 0:03:00]} 28. Qc2 {[%clk 0:01:42]}  Qf3 {[%clk 0:02:47]} 29. Ne4 {[%clk 0:01:16]}  Qh3 {[%clk 0:03:04]} 30. Nf6+ {[%clk 0:01:05]}  Kg7 {[%clk 0:02:33]} 31. Ng4 {[%clk 0:01:24]}  Qf3 {[%clk 0:01:44]} 32. Qc3+ {[%clk 0:01:27]}  Kg8 {[%clk 0:01:15]} 33. Nf6+ {[%clk 0:01:30]}  Kg7 {[%clk 0:01:10]} 34. Ng4+ {[%clk 0:00:55]}  Kg8 {[%clk 0:01:34]} 35. Nh6+ {[%clk 0:00:50]}  Kf8 {[%clk 0:01:59]} 36. Rc1 {[%clk 0:00:47]}  Rd1 {[%clk 0:01:24]} 37. Qh8+ {[%clk 0:00:39]}  Ke7 {[%clk 0:01:52]} 38. Ng8+ {[%clk 0:00:52]}  Kf8 {[%clk 0:01:26]} 39. Nf6+ {[%clk 0:00:50]}  Ke7 {[%clk 0:01:51]} 40. a3 {[%clk 0:00:39]}  Rxc1+ {[%clk 0:00:36]} 41. Kxc1 {[%clk 0:01:07]}  Qxf2 {[%clk 0:24:47]} 42. Nd5+ {[%clk 0:29:43]} 1/2-1/2

[Event "45th FIDE Chess Olympiad Open"]
[Site "Budapest, Hungary"]
[Date "2024.09.20"]
[Round "9"]
[White "Santos Latasa, Jaime"]
[Black "Sanal, Vahap"]
[Result "1/2-1/2"]
[Board "28"]
[WhiteFideId "2293307"]
[BlackFideId "6300545"]
[WhiteTitle "GM"]
[BlackTitle "GM"]
[WhiteElo "2624"]
[BlackElo "2581"]
[WhiteTeam "Spain"]
[BlackTeam "Turkiye"]
[WhiteClock "0:37:27"]
[BlackClock "0:27:57"]
[Variant "Standard"]

1. e4 {[%clk 1:30:58]}  e5 {[%clk 1:30:48]} 2. Nf3 {[%clk 1:31:25]}  Nc6 {[%clk 1:31:10]} 3. Bc4 {[%clk 1:31:42]}  Bc5 {[%clk 1:31:03]} 4. O-O {[%clk 1:31:51]}  Nf6 {[%clk 1:30:47]} 5. d3 {[%clk 1:31:56]}  O-O {[%clk 1:29:08]} 6. h3 {[%clk 1:31:15]}  h6 {[%clk 1:27:00]} 7. c3 {[%clk 1:28:57]}  d6 {[%clk 1:27:04]} 8. Re1 {[%clk 1:28:02]}  a6 {[%clk 1:26:12]} 9. a4 {[%clk 1:28:25]}  Ba7 {[%clk 1:24:43]} 10. Nbd2 {[%clk 1:28:40]}  Re8 {[%clk 1:23:43]} 11. b4 {[%clk 1:27:21]}  Be6 {[%clk 1:23:50]} 12. Bxe6 {[%clk 1:27:45]}  Rxe6 {[%clk 1:24:14]} 13. Bb2 {[%clk 1:27:49]}  Re8 {[%clk 1:19:24]} 14. Nf1 {[%clk 1:25:08]}  Ne7 {[%clk 1:16:09]} 15. Ng3 {[%clk 1:20:41]}  Qd7 {[%clk 1:12:20]} 16. d4 {[%clk 1:19:34]}  Ng6 {[%clk 1:12:16]} 17. c4 {[%clk 1:19:06]}  c6 {[%clk 1:07:25]} 18. Qc2 {[%clk 1:14:30]}  Rad8 {[%clk 0:58:53]} 19. Rad1 {[%clk 1:11:55]}  Qc8 {[%clk 0:50:58]} 20. c5 {[%clk 0:55:36]}  Bb8 {[%clk 0:45:29]} 21. cxd6 {[%clk 0:46:53]}  Bxd6 {[%clk 0:45:29]} 22. dxe5 {[%clk 0:46:32]}  Nxe5 {[%clk 0:44:28]} 23. Nxe5 {[%clk 0:45:38]}  Bxe5 {[%clk 0:44:48]} 24. Bxe5 {[%clk 0:46:03]}  Rxe5 {[%clk 0:44:21]} 25. f4 {[%clk 0:44:14]}  Ree8 {[%clk 0:39:01]} 26. e5 {[%clk 0:39:16]}  Rxd1 {[%clk 0:38:19]} 27. Rxd1 {[%clk 0:39:27]}  Nd5 {[%clk 0:38:06]} 28. Rd4 {[%clk 0:39:16]}  Qe6 {[%clk 0:37:22]} 29. Re4 {[%clk 0:38:01]}  Qg6 {[%clk 0:34:09]} 30. Qf2 {[%clk 0:37:44]}  f5 {[%clk 0:27:53]} 31. Rd4 {[%clk 0:37:27]}  Qe6 {[%clk 0:27:57]} 1/2-1/2

[Event "45th FIDE Chess Olympiad Open"]
[Site "Budapest, Hungary"]
[Date "2024.09.20"]
[Round "9"]
[White "Volokitin, Andrei"]
[Black "Kacharava, Nikolozi"]
[Result "1/2-1/2"]
[Board "29"]
[WhiteFideId "14107090"]
[BlackFideId "13611860"]
[WhiteTitle "GM"]
[BlackTitle "GM"]
[WhiteElo "2660"]
[BlackElo "2511"]
[WhiteTeam "Ukraine"]
[BlackTeam "Georgia"]
[WhiteClock "0:05:53"]
[BlackClock "0:05:21"]
[Variant "Standard"]

1. e4 {[%clk 1:30:57]}  e5 {[%clk 1:30:51]} 2. Nf3 {[%clk 1:31:21]}  Nc6 {[%clk 1:31:11]} 3. Bb5 {[%clk 1:31:37]}  a6 {[%clk 1:31:22]} 4. Ba4 {[%clk 1:32:02]}  Nf6 {[%clk 1:31:25]} 5. O-O {[%clk 1:32:24]}  b5 {[%clk 1:31:10]} 6. Bb3 {[%clk 1:32:49]}  Bc5 {[%clk 1:31:19]} 7. a4 {[%clk 1:33:07]}  Rb8 {[%clk 1:30:48]} 8. c3 {[%clk 1:33:10]}  d6 {[%clk 1:30:14]} 9. d4 {[%clk 1:33:28]}  Bb6 {[%clk 1:30:15]} 10. Qd3 {[%clk 1:33:48]}  Bd7 {[%clk 1:28:37]} 11. Be3 {[%clk 1:09:45]}  O-O {[%clk 1:19:49]} 12. Nbd2 {[%clk 1:09:40]}  h6 {[%clk 1:10:47]} 13. h3 {[%clk 0:52:04]}  Re8 {[%clk 1:08:55]} 14. dxe5 {[%clk 0:45:37]}  Nxe5 {[%clk 0:56:11]} 15. Nxe5 {[%clk 0:45:53]}  dxe5 {[%clk 0:55:55]} 16. a5 {[%clk 0:41:13]}  Bxe3 {[%clk 0:55:54]} 17. Qxe3 {[%clk 0:41:41]}  Qe7 {[%clk 0:47:58]} 18. Rfd1 {[%clk 0:34:26]}  c5 {[%clk 0:47:26]} 19. Bd5 {[%clk 0:32:37]}  c4 {[%clk 0:42:50]} 20. Nf3 {[%clk 0:32:15]}  Bc8 {[%clk 0:26:08]} 21. Bc6 {[%clk 0:24:50]}  Rf8 {[%clk 0:25:58]} 22. Qd2 {[%clk 0:24:46]}  Bb7 {[%clk 0:24:07]} 23. Qd6 {[%clk 0:24:57]}  Qxd6 {[%clk 0:24:16]} 24. Rxd6 {[%clk 0:25:19]}  Ne8 {[%clk 0:15:59]} 25. Bxe8 {[%clk 0:25:27]}  Rfxe8 {[%clk 0:16:20]} 26. Ne1 {[%clk 0:16:28]}  Bxe4 {[%clk 0:11:30]} 27. Rxa6 {[%clk 0:16:53]}  Ra8 {[%clk 0:08:55]} 28. Rb6 {[%clk 0:15:15]}  Reb8 {[%clk 0:09:21]} 29. Rxb8+ {[%clk 0:15:14]}  Rxb8 {[%clk 0:09:50]} 30. f3 {[%clk 0:09:12]}  Bg6 {[%clk 0:09:44]} 31. g4 {[%clk 0:07:07]}  Kf8 {[%clk 0:09:05]} 32. Ng2 {[%clk 0:07:26]}  Ke7 {[%clk 0:04:59]} 33. Ne3 {[%clk 0:04:51]}  Kd6 {[%clk 0:01:09]} 34. Rd1+ {[%clk 0:02:00]}  Kc5 {[%clk 0:01:36]} 35. Rd5+ {[%clk 0:00:44]}  Kc6 {[%clk 0:02:05]} 36. Rxe5 {[%clk 0:01:02]}  Ra8 {[%clk 0:01:43]} 37. f4 {[%clk 0:00:40]}  Bd3 {[%clk 0:00:53]} 38. Nd5 {[%clk 0:01:00]}  Rxa5 {[%clk 0:00:44]} 39. Nb4+ {[%clk 0:01:22]}  Kb6 {[%clk 0:00:37]} 40. Re1 {[%clk 0:00:56]}  Ra7 {[%clk 0:00:36]} 41. Kf2 {[%clk 0:00:40]}  Rd7 {[%clk 0:24:44]} 42. Re8 {[%clk 0:26:17]}  Bb1 {[%clk 0:20:02]} 43. Ke3 {[%clk 0:25:43]}  Rd1 {[%clk 0:17:52]} 44. Rg8 {[%clk 0:22:53]}  g6 {[%clk 0:08:10]} 45. Rb8+ {[%clk 0:19:54]}  Kc5 {[%clk 0:06:47]} 46. Rc8+ {[%clk 0:16:23]}  Kb6 {[%clk 0:07:16]} 47. Rc6+ {[%clk 0:16:08]}  Kb7 {[%clk 0:07:42]} 48. Rf6 {[%clk 0:16:32]}  Rd7 {[%clk 0:07:58]} 49. f5 {[%clk 0:16:37]}  h5 {[%clk 0:06:30]} 50. gxh5 {[%clk 0:15:21]}  gxh5 {[%clk 0:04:26]} 51. h4 {[%clk 0:14:25]}  Kc7 {[%clk 0:02:34]} 52. Kf4 {[%clk 0:09:58]}  Rd2 {[%clk 0:02:53]} 53. Ke5 {[%clk 0:07:15]}  Re2+ {[%clk 0:02:18]} 54. Kd5 {[%clk 0:07:34]}  Kd7 {[%clk 0:01:53]} 55. Rxf7+ {[%clk 0:06:09]}  Ke8 {[%clk 0:02:22]} 56. Rf6 {[%clk 0:06:35]}  Rxb2 {[%clk 0:01:12]} 57. Kc5 {[%clk 0:00:43]}  Rh2 {[%clk 0:00:56]} 58. Nd5 {[%clk 0:01:00]}  Kd7 {[%clk 0:00:35]} 59. Rd6+ {[%clk 0:00:36]}  Ke8 {[%clk 0:01:04]} 60. f6 {[%clk 0:00:33]}  Rxh4 {[%clk 0:01:15]} 61. Rb6 {[%clk 0:00:36]}  Be4 {[%clk 0:00:49]} 62. Rxb5 {[%clk 0:00:43]}  Bxd5 {[%clk 0:00:49]} 63. Kxd5 {[%clk 0:01:09]}  Kf7 {[%clk 0:01:04]} 64. Ke5 {[%clk 0:01:32]}  Rh3 {[%clk 0:01:14]} 65. Rb7+ {[%clk 0:01:46]}  Kf8 {[%clk 0:01:19]} 66. Kd4 {[%clk 0:01:39]}  Rh4+ {[%clk 0:01:11]} 67. Kd5 {[%clk 0:01:37]}  Rf4 {[%clk 0:01:06]} 68. Rh7 {[%clk 0:00:39]}  Rxf6 {[%clk 0:00:57]} 69. Rxh5 {[%clk 0:00:48]}  Ke7 {[%clk 0:01:15]} 70. Kxc4 {[%clk 0:00:38]}  Kd7 {[%clk 0:01:25]} 71. Rc5 {[%clk 0:00:48]}  Rb6 {[%clk 0:00:58]} 72. Kd4 {[%clk 0:00:57]}  Rd6+ {[%clk 0:00:58]} 73. Rd5 {[%clk 0:01:12]}  Kc6 {[%clk 0:01:20]} 74. Rxd6+ {[%clk 0:01:25]}  Kxd6 {[%clk 0:01:47]} 75. Kc4 {[%clk 0:01:52]}  Kc6 {[%clk 0:02:13]} 76. Kb4 {[%clk 0:02:18]}  Kb6 {[%clk 0:02:39]} 77. c4 {[%clk 0:02:45]}  Kc6 {[%clk 0:03:05]} 78. c5 {[%clk 0:03:12]}  Kc7 {[%clk 0:03:21]} 79. Kb5 {[%clk 0:03:40]}  Kb7 {[%clk 0:03:47]} 80. c6+ {[%clk 0:04:06]}  Kc7 {[%clk 0:04:14]} 81. Kc5 {[%clk 0:04:33]}  Kc8 {[%clk 0:04:27]} 82. Kd6 {[%clk 0:05:00]}  Kd8 {[%clk 0:04:54]} 83. c7+ {[%clk 0:05:26]}  Kc8 {[%clk 0:05:21]} 84. Kc6 {[%clk 0:05:53]} 1/2-1/2

[Event "45th FIDE Chess Olympiad Open"]
[Site "Budapest, Hungary"]
[Date "2024.09.20"]
[Round "9"]
[White "Paichadze, Luka"]
[Black "Ivanchuk, Vasyl"]
[Result "1/2-1/2"]
[Board "30"]
[WhiteFideId "13602934"]
[BlackFideId "14100010"]
[WhiteTitle "GM"]
[BlackTitle "GM"]
[WhiteElo "2516"]
[BlackElo "2635"]
[WhiteTeam "Georgia"]
[BlackTeam "Ukraine"]
[WhiteClock "0:02:25"]
[BlackClock "0:14:23"]
[Variant "Standard"]

1. e4 {[%clk 1:30:57]}  e5 {[%clk 1:30:56]} 2. Nf3 {[%clk 1:31:02]}  Nf6 {[%clk 1:31:22]} 3. Nxe5 {[%clk 1:30:40]}  d6 {[%clk 1:31:47]} 4. Nf3 {[%clk 1:31:00]}  Nxe4 {[%clk 1:32:11]} 5. d3 {[%clk 1:30:28]}  Nf6 {[%clk 1:32:36]} 6. d4 {[%clk 1:30:45]}  d5 {[%clk 1:33:00]} 7. h3 {[%clk 1:31:00]}  Bd6 {[%clk 1:32:47]} 8. Bd3 {[%clk 1:31:11]}  O-O {[%clk 1:32:57]} 9. O-O {[%clk 1:31:33]}  h6 {[%clk 1:24:26]} 10. Re1 {[%clk 1:30:42]}  Re8 {[%clk 1:21:53]} 11. Rxe8+ {[%clk 1:26:00]}  Qxe8 {[%clk 1:22:15]} 12. Nc3 {[%clk 1:25:02]}  c6 {[%clk 1:22:39]} 13. Qe2 {[%clk 1:18:11]}  Nbd7 {[%clk 1:18:45]} 14. Qxe8+ {[%clk 1:12:52]}  Nxe8 {[%clk 1:19:05]} 15. Ne2 {[%clk 1:13:18]}  Nf8 {[%clk 1:17:04]} 16. Bf4 {[%clk 1:06:45]}  Bxf4 {[%clk 1:09:48]} 17. Nxf4 {[%clk 1:07:10]}  Nd6 {[%clk 1:10:15]} 18. Re1 {[%clk 1:00:53]}  Bf5 {[%clk 1:10:42]} 19. Bxf5 {[%clk 0:57:24]}  Nxf5 {[%clk 1:11:10]} 20. c3 {[%clk 0:57:25]}  f6 {[%clk 1:10:45]} 21. g4 {[%clk 0:50:50]}  Nd6 {[%clk 1:11:08]} 22. Re7 {[%clk 0:49:14]}  Re8 {[%clk 1:11:36]} 23. Rc7 {[%clk 0:45:17]}  Rc8 {[%clk 1:11:39]} 24. Re7 {[%clk 0:45:14]}  Re8 {[%clk 1:07:41]} 25. Rc7 {[%clk 0:45:31]}  Rd8 {[%clk 1:07:57]} 26. Nd2 {[%clk 0:38:00]}  Rd7 {[%clk 1:08:10]} 27. Rxd7 {[%clk 0:38:22]}  Nxd7 {[%clk 1:08:37]} 28. Nd3 {[%clk 0:37:41]}  Kf7 {[%clk 1:08:16]} 29. f3 {[%clk 0:37:41]}  Nf8 {[%clk 1:06:34]} 30. Kf2 {[%clk 0:36:44]}  Ne6 {[%clk 1:06:55]} 31. h4 {[%clk 0:28:38]}  Ke7 {[%clk 1:05:43]} 32. Ke3 {[%clk 0:24:47]}  g5 {[%clk 0:59:47]} 33. hxg5 {[%clk 0:20:05]}  hxg5 {[%clk 1:00:13]} 34. b3 {[%clk 0:19:58]}  Nb5 {[%clk 0:29:16]} 35. Nb1 {[%clk 0:20:17]}  b6 {[%clk 0:28:10]} 36. f4 {[%clk 0:09:44]}  gxf4+ {[%clk 0:15:24]} 37. Nxf4 {[%clk 0:10:08]}  Nxf4 {[%clk 0:12:20]} 38. Kxf4 {[%clk 0:10:37]}  Ke6 {[%clk 0:12:41]} 39. g5 {[%clk 0:05:47]}  fxg5+ {[%clk 0:10:12]} 40. Kxg5 {[%clk 0:06:14]}  Nd6 {[%clk 0:08:47]} 41. Nd2 {[%clk 0:02:02]}  Nb5 {[%clk 0:01:49]} 42. Nb1 {[%clk 0:02:25]}  Nd6 {[%clk 0:14:23]} 1/2-1/2